[Event "22nd Hoogeveen Open 2018"]
[Site "Hoogeveen"]
[Date "2018.10.21"]
[Round "2"]
[White "Sparenberg, Erik"]
[Black "Warmerdam, Max"]
[Result "0-1"]
[WhiteElo "2224"]
[BlackElo "2417"]
[Annotator "TA"]
[PlyCount "90"]
[EventDate "2018.10.20"]
[EventType "swiss"]
[EventCountry "NED"]
[SourceTitle "playchess.com"]
[Source "ChessBase"]
[SourceQuality "1"]

{[%evp 22,90,16,-58,23,20,28,26,33,19,41,12,33,-22,-18,-68,-51,-93,-99,-223,-206,-235,-212,-247,-212,-291,-285,-291,-235,-269,-45,-279,-278,-324,-231,-265,-258,-263,-265,-579,-569,-531,-501,-712,-647,-634,-601,-599,-456,-756,-743,-808,-647,-639,-636,-687,-695,-1450,-1398,-2448,-2494,-2479,-2400,-6708,-2161,-29989,-29990,-29990,-29991,-29991,-1295]} 1. e4 e5 2. Nf3 Nc6 3. Bb5 a6 4. Ba4 d6 5. c3 g6 6. d4 Bd7 7. O-O Bg7 8. d5 Nce7 9. c4 {C76: Ruy Lopez: Deferred Steinitz: 5 c3 Bd7 6 d4 g6} (9. Bxd7+ Qxd7 10. c4 h6 11. Nc3 f5 12. exf5 gxf5 13. Ne1 Nf6 14. f4 e4 15. Nc2 c5 16. dxc6 bxc6 17. Be3 O-O 18. Qd2 c5 19. h3 Qe6 {1-0 (51) Zhao,J (2604)-Sargissian,G (2672) Riadh 2017}) 9... h6 10. Ne1 f5 11. f3 Nf6 12. Nc3 {LiveBook: 7 Games} (12. Bxd7+ $11 Qxd7 13. Nc3) 12... f4 (12... b5 $1 $15 13. Bc2 Qb8) 13. Nd3 g5 $146 ({Predecessor:} 13... O-O 14. Bxd7 Nxd7 15. Rb1 a5 16. Bd2 g5 {0-1 (42) Piorun,K (2353)-Kharchenko,B (2427) Kemer 2007}) 14. c5 O-O 15. Bd2 h5 16. Rc1 Bc8 17. Qc2 ({White should play} 17. Bb3 $14) 17... Ng6 $11 18. Nd1 Rf7 19. cxd6 cxd6 20. Qc3 {[#]} (20. Nc3 $17) 20... g4 $1 $19 21. Qa5 {[#]} b6 $1 {[%cal Rb6a5,Bb7b6,Bb6b5][%mdl 32]} 22. Qb4 b5 23. Bb3 a5 24. Qc3 h4 ({Much less strong is} 24... gxf3 25. gxf3 Ne8 26. Ne1 $17) 25. N1f2 Bf8 $2 (25... g3 $19 {Threatens to win with ...b4.} 26. Nh3 Ne8) 26. h3 $2 (26. fxg4 $1 $15 Nxg4 27. Qc6) 26... g3 27. Nd1 Nh7 {[%cal Bf6h7,Bh7g5,Bg5h3][%mdl 32]} 28. a4 b4 29. Qc2 Ng5 30. Bc4 $2 {[#]} (30. N1f2 {is more resistant.}) 30... Nxh3+ $1 {[%mdl 512]} 31. gxh3 Bxh3 32. Ne1 Rc8 33. Qd3 Rfc7 34. b3 Bd7 35. Nb2 (35. Nf2 $142 h3 36. Qe2) 35... h3 36. Rd1 Qh4 37. Qe2 Qh5 38. Ba6 Nh4 39. Bxc8 Bxc8 40. Rc1 Rxc1 41. Bxc1 g2 42. Kf2 Qg5 (42... Qg6 $142 43. Nxg2 hxg2 44. Bxf4 exf4) 43. Kg1 {[#]} h2+ $1 {[%mdl 512] Black mates.} 44. Kxh2 Qg3+ 45. Kg1 gxf1=R+ {Precision: White = 17%, Black = 55%.} 0-1

[Event "22nd Hoogeveen Open 2018"]
[Site "Hoogeveen"]
[Date "2018.10.21"]
[Round "2"]
[White "Murray, David"]
[Black "Mijnheer, Peter"]
[Result "1-0"]
[WhiteElo "2222"]
[BlackElo "2092"]
[Annotator "NA"]
[PlyCount "89"]
[EventDate "2018.10.20"]
[EventType "swiss"]
[EventCountry "NED"]
[SourceTitle "playchess.com"]
[Source "ChessBase"]
[SourceQuality "1"]
[TimeControl "40/5400+30:1800+30"]

1. e4 {[%emt 0:00:00]} e5 {[%emt 0:00:00]} 2. Nf3 {[%emt 0:00:00]} Nc6 {[%emt 0:00:00]} 3. Bb5 {[%emt 0:00:06]} a6 {[%emt 0:00:00]} 4. Ba4 {[%emt 0:00:04]} Nf6 {[%emt 0:00:00]} 5. O-O {[%emt 0:00:12]} Be7 {[%emt 0:00:03]} 6. Re1 {[%emt 0:00:31]} b5 {[%emt 0:00:08]} 7. Bb3 {[%emt 0:00:05]} d6 {[%emt 0:00:17]} 8. c3 {[%emt 0:01:10]} O-O {[%emt 0:00:06]} 9. h3 {[%emt 0:01:00] LiveBook: 20151 Games} Na5 {[%emt 0:00:08]} 10. Bc2 {[%emt 0:00:28]} c5 {[%emt 0:00:04]} 11. d4 {[%emt 0:01:23]} Nd7 {[%emt 0:00:13]} 12. a4 {[%emt 0:03:22]} b4 {[%emt 0:15:35] C96: Closed Ruy Lopez: Chigorin Defence: 11 d4, replies other than 11...Qc7} 13. Nbd2 {[%emt 0:01:36]} Rb8 {[%emt 0:01:12] [#]} 14. Bd3 $146 {[%emt 0:04:28]} ({Predecessor:} 14. Nf1 b3 15. Bd3 exd4 16. cxd4 c4 17. Be2 c3 18. Ng3 Nf6 19. Bd3 Nc6 20. d5 {0-1 (37) Quesada Perez,Y (2627)-Caruana,F (2811) chess.com INT 2018}) 14... bxc3 {[%emt 0:07:01]} 15. bxc3 {[%emt 0:00:17]} cxd4 {[%emt 0:00:15]} 16. cxd4 {[%emt 0:01:02]} exd4 {[%emt 0:00:37]} 17. Nxd4 {[%emt 0:08:18]} Ne5 {[%emt 0:02:56]} 18. Bf1 {[%emt 0:03:52]} Bf6 {[%emt 0:01:36]} 19. Ba3 {[%emt 0:02:30]} Nd3 {[%emt 0:26:12]} 20. Bxd3 {[%emt 0:01:40]} Bxd4 {[%emt 0:00:07]} 21. Rb1 {[%emt 0:08:57]} Rxb1 {[%emt 0:00:36]} 22. Bxb1 {[%emt 0:01:16]} Qb6 {[%emt 0:07:12]} 23. Qe2 {[%emt 0:03:27]} Be6 {[%emt 0:06:38]} 24. Bd3 {[%emt 0:03:52]} Rd8 {[%emt 0:10:35]} 25. Rb1 {[%emt 0:03:56]} Qa7 {[%emt 0:01:26]} 26. Nf3 {[%emt 0:04:16]} Nc6 {[%emt 0:06:22]} 27. Kf1 {[%emt 0:16:04]} (27. Nxd4 $16 Qxd4 28. Qc2 (28. Bxa6 Qxa4 29. Bc1 d5 $14)) 27... a5 {[%emt 0:01:38]} 28. Bb5 {[%emt 0:05:28]} Ne5 {[%emt 0:00:23]} 29. Nxd4 {[%emt 0:05:24]} Qxd4 {[%emt 0:00:04]} 30. Rd1 {[%emt 0:00:51]} Qc3 {[%emt 0:03:25]} 31. Rxd6 {[%emt 0:07:18]} Rxd6 {[%emt 0:06:39]} 32. Bxd6 {[%emt 0:00:09]} Bc4 {[%emt 0:00:48]} 33. Bxc4 {[%emt 0:00:26]} Qc1+ {[%emt 0:00:07]} 34. Qe1 {[%emt 0:00:12]} Qxc4+ {[%emt 0:00:09]} 35. Kg1 {[%emt 0:01:01]} Nd3 {[%emt 0:00:13]} 36. Qxa5 {[%emt 0:02:49]} h6 {[%emt 0:00:08]} 37. Qa8+ {[%emt 0:01:20]} Kh7 {[%emt 0:00:03]} 38. Qd5 {[%emt 0:00:48]} Qc2 {[%emt 0:00:14]} 39. Qxf7 {[%emt 0:03:12]} Qd1+ {[%emt 0:01:18]} 40. Kh2 {[%emt 0:00:16]} Nxf2 {[%emt 0:00:34]} 41. Qf5+ {[%emt 0:32:15]} Kh8 {[%emt 0:30:59]} 42. e5 $18 {[%emt 0:02:13]} Qd4 {[%emt 0:04:00]} 43. Qf8+ {[%emt 0:00:58]} Kh7 {[%emt 0:00:00]} 44. e6 {[%emt 0:00:00]} Ne4 {[%emt 0:00:00]} 45. Qf5+ {[%emt 0:00:00]} 1-0

[Event "22nd Hoogeveen Open 2018"]
[Site "Hoogeveen"]
[Date "2018.10.21"]
[Round "2"]
[White "Wedda, Dries"]
[Black "Shakhverdian, William"]
[Result "1-0"]
[WhiteElo "2216"]
[BlackElo "1903"]
[Annotator "NA"]
[PlyCount "93"]
[EventDate "2018.10.20"]
[EventType "swiss"]
[EventCountry "NED"]
[SourceTitle "playchess.com"]
[Source "ChessBase"]
[SourceQuality "1"]
[TimeControl "40/5400+30:1800+30"]

1. d4 {[%emt 0:00:00]} Nf6 {[%emt 0:00:00]} 2. c4 {[%emt 0:00:00]} g6 {[%emt 0:00:00]} 3. Nc3 {[%emt 0:00:00]} Bg7 {[%emt 0:00:00]} 4. e4 {[%emt 0:00:00]} d6 {[%emt 0:00:05]} 5. Nge2 {[%emt 0:00:00]} O-O {[%emt 0:00:29]} 6. Ng3 {[%emt 0:00:00]} c5 {[%emt 0:00:15]} 7. d5 {[%emt 0:00:00]} e6 {[%emt 0:01:38]} 8. Be2 {[%emt 0:00:26]} exd5 {[%emt 0:00:07]} 9. cxd5 {[%emt 0:00:05]} a6 {[%emt 0:00:31]} 10. a4 {[%emt 0:00:08]} h5 {[%emt 0:00:18] A65: Modern Benoni: 6 e4} 11. Bg5 {[%emt 0:07:48] LiveBook: 32 Partien} Qc7 {[%emt 0:04:07]} 12. Qd2 {[%emt 0:04:47]} Nbd7 {[%emt 0:02:00]} 13. O-O {[%emt 0:04:42]} Nh7 {[%emt 0:03:15]} (13... Rb8 14. f4 Nh7 15. Bh4 c4 16. Kh1 b5 17. axb5 axb5 18. b4 {1-0 (36) Le,Q (2736)-Sivuk,V (2526) Hanoi 2018}) 14. Bh6 {[%emt 0:03:42]} h4 {[%emt 0:00:29]} 15. Bxg7 {[%emt 0:00:22]} Kxg7 {[%emt 0:00:09]} 16. Nh1 {[%emt 0:00:11]} h3 {[%emt 0:24:08]} (16... g5 $142) {Predecessor:} 17. g3 $146 {[%emt 0:10:39]} Ne5 {[%emt 0:06:06]} 18. f4 {[%emt 0:10:19]} Ng4 {[%emt 0:01:17]} 19. Bxg4 {[%emt 0:04:00]} Bxg4 {[%emt 0:00:07] 1-0 (33) Martinez Martin,D (2407)-Kuhne,D (2131) Caleta 2015} 20. f5 {[%emt 0:01:55]} gxf5 {[%emt 0:07:46]} 21. exf5 {[%emt 0:02:36]} f6 {[%emt 0:02:28]} 22. Rf4 {[%emt 0:10:08]} Bh5 {[%emt 0:01:08]} 23. Rh4 $2 {[%emt 0:00:10]} (23. Nf2 $18) 23... Ng5 {[%emt 0:03:33]} 24. Rf1 {[%emt 0:00:47]} Rh8 $1 {[%emt 0:03:13]} 25. Rhf4 {[%emt 0:15:57]} Rae8 $15 {[%emt 0:02:31]} 26. g4 {[%emt 0:04:22]} Bf7 {[%emt 0:01:18]} 27. Ng3 {[%emt 0:00:17]} Re5 {[%emt 0:03:51]} 28. Nge4 {[%emt 0:07:14]} Nxe4 {[%emt 0:03:20]} 29. Rxe4 {[%emt 0:00:17]} Rxe4 {[%emt 0:10:51]} 30. Nxe4 {[%emt 0:00:01]} Rh4 {[%emt 0:11:09]} 31. Nxf6 {[%emt 0:01:47]} Kxf6 {[%emt 0:01:24]} 32. Qc3+ {[%emt 0:00:01]} Ke7 {[%emt 0:00:32]} 33. Qe1+ {[%emt 0:00:22]} Kf8 {[%emt 0:00:22]} 34. Qxh4 {[%emt 0:00:06]} Bxd5 {[%emt 0:01:07]} 35. Qh8+ {[%emt 0:00:11]} Bg8 {[%emt 0:00:21]} 36. Re1 {[%emt 0:04:02]} Qc6 {[%emt 0:03:32]} 37. Qf6+ {[%emt 0:05:00]} Bf7 {[%emt 0:00:07]} 38. Qh8+ {[%emt 0:00:03]} Bg8 {[%emt 0:00:07]} 39. Qh6+ {[%emt 0:01:12]} Kf7 {[%emt 0:00:07]} 40. Qxh3 {[%emt 0:00:22]} Qxa4 {[%emt 0:00:09]} 41. Qh5+ {[%emt 0:31:13]} Kf8 {[%emt 0:30:20]} 42. Qh6+ {[%emt 0:00:58]} Kf7 {[%emt 0:00:09]} 43. Qg6+ {[%emt 0:00:09]} Kf8 {[%emt 0:00:07]} 44. Qxd6+ {[%emt 0:00:19]} Kg7 {[%emt 0:01:15]} 45. Re7+ {[%emt 0:00:10]} Bf7 {[%emt 0:00:09]} 46. Qg6+ {[%emt 0:00:06]} Kh8 {[%emt 0:00:09]} 47. Qf6+ {[%emt 0:00:05]} 1-0

[Event "22nd Hoogeveen Open 2018"]
[Site "Hoogeveen"]
[Date "2018.10.21"]
[Round "2"]
[White "Li, Henry"]
[Black "Bertholee, Rob"]
[Result "1-0"]
[WhiteElo "2207"]
[BlackElo "2334"]
[Annotator "NA"]
[PlyCount "51"]
[EventDate "2018.10.20"]
[EventType "swiss"]
[EventCountry "NED"]
[SourceTitle "playchess.com"]
[Source "ChessBase"]
[SourceQuality "1"]
[TimeControl "40/5400+30:1800+30"]

1. e4 {[%emt 0:00:00]} c5 {[%emt 0:00:00]} 2. Nf3 {[%emt 0:00:00]} Nc6 {[%emt 0:00:00]} 3. d4 {[%emt 0:00:08]} cxd4 {[%emt 0:00:00]} 4. Nxd4 {[%emt 0:00:07]} g6 {[%emt 0:00:00]} 5. Nc3 {[%emt 0:00:15]} Bg7 {[%emt 0:00:00]} 6. Be3 {[%emt 0:00:10]} Nf6 {[%emt 0:00:04]} 7. Bc4 {[%emt 0:00:16]} O-O {[%emt 0:00:06]} 8. Bb3 {[%emt 0:00:10]} d6 {[%emt 0:00:40]} 9. f3 {[%emt 0:00:11]} Bd7 {[%emt 0:00:09]} 10. h4 {[%emt 0:05:12]} h5 {[%emt 0:06:45]} 11. Qd2 {[%emt 0:04:45] LiveBook: 92 Games B76: Sicilian Dragon: Yugoslav Attack, 9 g4 and 9 0-0-0} Nxd4 {[%emt 0:05:50]} (11... Rc8 12. O-O-O Ne5 13. Bg5 Rc5 14. Kb1 Re8 15. g4 hxg4 16. f4 Nc4 17. Qd3 Na5 18. Bxf6 exf6 19. Bd5 Nc6 20. Nxc6 bxc6 21. Bxf7+ Kxf7 22. Qxd6 Rxc3 23. Qxd7+ Qxd7 24. Rxd7+ {½-½ (47) Vachier Lagrave,M (2789)-Nakamura,H (2781) London 2017}) 12. Bxd4 {[%emt 0:00:15]} b5 {[%emt 0:00:05]} 13. g4 {[%emt 0:10:59]} e5 {[%emt 0:10:52]} ({Better is} 13... e6 $14) 14. Be3 {[%emt 0:01:06]} hxg4 {[%emt 0:00:08] [#]} 15. Bg5 $1 {[%emt 0:12:43]} gxf3 {[%emt 0:06:23]} 16. h5 {[%emt 0:22:42]} gxh5 {[%emt 0:02:30]} 17. Rxh5 $146 {[%emt 0:04:06]} ({Predecessor:} 17. O-O-O Bg4 18. Rdg1 b4 19. Nd5 Nxe4 20. Rxg4 Nxd2 21. Bxd8 Rfxd8 22. Rxh5 f2 23. Ne3 Nxb3+ 24. axb3 f5 25. Rxf5 Rf8 {0-1 (25) Kraemer,M (2274)-Brendel,O (2389) Germany 2010}) 17... Qb6 {[%emt 0:23:21]} 18. Be3 {[%emt 0:06:13]} Qb7 $2 {[%emt 0:00:13]} ({Don't play} 18... Nxh5 $6 19. Bxb6 axb6 20. Qxd6 $16) (18... Qd8 19. Rh1 b4) 19. Rg5 {[%emt 0:02:17]} Rfc8 {[%emt 0:14:53]} (19... Nxe4 20. Nxe4 Qxe4 21. O-O-O $18) (19... Be6 $142 20. Qxd6 Qb8) 20. O-O-O {[%emt 0:14:20]} Rxc3 {[%emt 0:01:07]} 21. Rxg7+ {[%emt 0:00:51]} Kxg7 {[%emt 0:00:02]} 22. Bh6+ {[%emt 0:00:33]} Kh7 {[%emt 0:00:30]} 23. Bf8 {[%emt 0:03:54]} Rxf8 {[%emt 0:02:25]} 24. Rh1+ {[%emt 0:01:07]} Bh3 {[%emt 0:00:21]} 25. Rxh3+ {[%emt 0:00:17]} Kg7 {[%emt 0:00:06]} 26. Qg5# {[%emt 0:00:07]} 1-0

[Event "22nd Hoogeveen Open 2018"]
[Site "Hoogeveen"]
[Date "2018.10.21"]
[Round "2"]
[White "Konings, Frans"]
[Black "Zwirs, Nico"]
[Result "1/2-1/2"]
[WhiteElo "2195"]
[BlackElo "2410"]
[Annotator "TA"]
[PlyCount "94"]
[EventDate "2018.10.20"]
[EventType "swiss"]
[EventCountry "NED"]
[SourceTitle "playchess.com"]
[Source "ChessBase"]
[SourceQuality "1"]

{[%evp 23,94,0,0,0,0,0,0,0,0,-29,-19,-116,-124,-129,-131,-140,-125,-142,-138,-147,-143,-170,-156,-328,-302,-318,-307,-306,-141,-124,-138,-157,-156,-216,-123,-194,-122,-202,-189,-256,-172,-156,-154,-203,-8,-10,0,0,0,-214,-95,-122,-84,-98,-105,-153,-52,-49,0,-108,0,-137,0,0,0,0,0,0,0,0,0,0,0]} 1. d4 d5 2. c4 dxc4 3. Nf3 Nf6 4. e3 e6 5. Bxc4 a6 6. Bb3 c5 7. O-O Nc6 8. Nc3 cxd4 9. exd4 Be7 10. Bg5 {D27: Queen's Gambit Accepted: Classical main line: 7 e4!? and 7 a4} O-O 11. Qd2 h6 (11... Na5 12. Bc2 b5 13. Rad1 Bb7 14. d5 exd5 15. Rfe1 Rc8 16. Bf5 Rc7 17. Qf4 Nh5 {½-½ (31) Mamedyarov,S (2747)-Karjakin,S (2769) Wijk aan Zee 2016}) 12. Bxf6 Bxf6 {LiveBook: 3 Games} 13. Rfd1 Na5 14. Bc2 b5 15. Ne4 $146 ({Predecessor:} 15. Qd3 g6 16. Ne5 Qc7 17. Qf3 Bxe5 18. dxe5 Rb8 19. Qf4 Bb7 20. Rd3 Rfd8 21. Rg3 Rd7 22. Re1 h5 23. Qg5 Nc4 24. Qxh5 {1-0 (24) De Verdier,M (1939)-Nyman,V ICCF email 2009}) 15... Nc4 $1 {[%cal Rc4d2]} 16. Qf4 Bb7 17. Ne5 (17. b3 $11 {remains equal.} Na3 18. Rac1) 17... Nxb2 $17 18. Rdb1 Bxe5 $1 19. dxe5 Nd3 20. Bxd3 Qxd3 21. Nd6 Bd5 $1 22. Rd1 Qg6 $1 {[%csl Gd5][%cal Rg6g2]} 23. Rxd5 $2 (23. f3 $17 {might work better.}) 23... exd5 $19 24. Re1 Rad8 25. h4 Rxd6 (25... Rd7 $19 {and Black stays clearly on top. Threatens to win with ...Qe6.} 26. Re3 Qe6) 26. exd6 {[%mdl 4096] Endgame KQR-KQR} Rd8 27. h5 Qf6 $1 {[%cal Rf6f4]} ({But not} 27... Qxh5 28. Re7 $17) 28. Qb4 (28. Qxf6 $17 gxf6 29. a4) 28... Rxd6 (28... Qxd6 $19 29. Re8+ Kh7 30. Qxd6 Rxd6) 29. Re8+ $17 Kh7 30. Qb1+ (30. a4 $17) 30... g6 $19 31. Ra8 (31. g3 $142) 31... Kg7 32. hxg6 Qxg6 33. Qe1 Qe6 $2 (33... Rc6 $1 $19 {Strongly threatening ...Qf6.} 34. Re8 d4) 34. Qc3+ $11 d4 35. Qg3+ Kf6 36. Rg8 $2 (36. Qh4+ $11 {and White stays safe.} Kg6 37. Qg3+ Kf5 38. Qh3+ Kg6 39. Qg3+ Kf6 40. Qh4+ Kg7 41. Qg3+ Kf6) 36... Qe1+ (36... d3 $19 37. Qh4+ Ke5 38. Qh5+ Qf5 39. f4+ Ke4 40. Re8+ Re6 41. Qf3+ Kd4 42. Rd8+ Kc3) 37. Kh2 $17 Qe5 {aiming for ...Qxg3+.} 38. f4 Qh5+ 39. Kg1 Qd1+ (39... Rc6 $1 $17 {And now ...Rc1+ would win.} 40. Qg7+ Ke6 41. Re8+ Kd7) 40. Kh2 $15 {Black must now prevent Qg7+.} Qh5+ ({Better is} 40... Kf5 $15 41. Qh3+ Ke4 42. Re8+ Re6 43. Rxe6+ fxe6 44. Qxe6+ Kxf4 45. Qxh6+ Ke4 46. Qxa6 Qa4 47. Qe6+ Kd3) 41. Kg1 $17 d3 {[#]} (41... Rc6 $17 {...Rc1+ is the strong threat.} 42. Qg7+ Ke6 43. Re8+ Kd7) 42. Qg7+ {[#]} (42. f5 $1 $11 {[%mdl 512]} Qd1+ (42... Kxf5 43. Qxd6) 43. Kh2 Qh5+ 44. Kg1 Qd1+ 45. Kh2 Qh5+ 46. Kg1) 42... Ke6 ({Black should play} 42... Ke7 $1 $17 43. Qf8+ Ke6 44. Qc8+ Kf6 45. Qc3+ Ke7 46. Qc7+ Rd7) 43. Re8+ $1 $11 {The position is equal.} Kd7 {( -> ...d2)} 44. Qf8 {White threatens Rd8+ and mate.} Qc5+ (44... Kc7 $5 45. Rc8+ $8 Kb7 $11) 45. Kh2 $1 {Threatening mate with Re7+.} Qh5+ 46. Kg1 $1 {Rd8+ would kill now.} Qc5+ (46... Kc7 $5 47. Rc8+ $8 Kb7 $11) 47. Kh2 $1 {White wants to mate with Re7+.} Qh5+ {Precision: White = 48%, Black = 50%.} 1/2-1/2

[Event "22nd Hoogeveen Open 2018"]
[Site "Hoogeveen"]
[Date "2018.10.21"]
[Round "2"]
[White "Giacomini, Hector"]
[Black "Verhoef, Pieter"]
[Result "1-0"]
[WhiteElo "2178"]
[BlackElo "2058"]
[Annotator "NA"]
[PlyCount "119"]
[EventDate "2018.10.20"]
[EventType "swiss"]
[EventCountry "NED"]
[SourceTitle "playchess.com"]
[Source "ChessBase"]
[SourceQuality "1"]
[TimeControl "40/5400+30:1800+30"]

1. Nf3 {[%emt 0:00:00]} c5 {[%emt 0:00:00]} 2. e3 {[%emt 0:00:00]} d5 {[%emt 0:00:00]} 3. d4 {[%emt 0:00:00]} Nf6 {[%emt 0:00:00]} 4. c3 {[%emt 0:00:40]} Qc7 {[%emt 0:00:00]} 5. Nbd2 {[%emt 0:00:26]} Nbd7 {[%emt 0:00:22]} 6. Bd3 {[%emt 0:01:37]} g6 {[%emt 0:00:14]} 7. O-O {[%emt 0:00:30]} Bg7 {[%emt 0:00:15]} 8. Re1 {[%emt 0:00:47]} O-O {[%emt 0:00:23]} 9. e4 {[%emt 0:01:06] D04: Colle System} (9. h3 b6 10. Rb1 c4 11. Bc2 Bb7 12. e4 dxe4 13. Nxe4 Nd5 14. Bg5 h6 15. Bd2 Qc6 16. Qc1 f5 {½-½ (66) Zuluaga Mancilla,C (2314)-Milos,G (2589) Mendes 2009}) 9... cxd4 {[%emt 0:00:58]} 10. cxd4 {[%emt 0:00:42]} dxe4 {[%emt 0:00:11]} 11. Nxe4 {[%emt 0:00:05]} Nxe4 {[%emt 0:00:23]} 12. Bxe4 {[%emt 0:00:24]} Nf6 {[%emt 0:06:06]} 13. Bd3 {[%emt 0:00:28]} b6 {[%emt 0:06:28]} 14. Bg5 $146 {[%emt 0:03:19]} ({Predecessor:} 14. Qe2 e6 15. Bg5 Nd5 16. Rac1 Qd6 {0-1 (44) Hernandez Bonilla,A (2044)-Sachdev,T (2400) Batumi 2018}) 14... Bb7 {[%emt 0:02:11]} 15. Qe2 {[%emt 0:02:46]} e6 {[%emt 0:06:42]} 16. Ba6 {[%emt 0:09:42]} h6 {[%emt 0:06:41]} 17. Rac1 {[%emt 0:07:11]} Qe7 {[%emt 0:03:12]} 18. Bh4 {[%emt 0:03:00]} Rac8 {[%emt 0:01:05]} 19. a3 {[%emt 0:15:21]} Rfd8 {[%emt 0:04:17]} 20. Rxc8 {[%emt 0:03:27]} Rxc8 {[%emt 0:00:07]} 21. d5 {[%emt 0:08:46]} g5 {[%emt 0:06:19]} 22. d6 {[%emt 0:00:26]} Bxa6 {[%emt 0:01:46]} 23. Qxa6 {[%emt 0:00:15]} Qd8 {[%emt 0:00:20]} 24. Bg3 {[%emt 0:00:24]} Rc5 {[%emt 0:19:32]} 25. Qxa7 {[%emt 0:01:20]} Nh5 {[%emt 0:08:28]} (25... Ne8 $1 $14) 26. Ne5 {[%emt 0:10:18]} Bxe5 {[%emt 0:08:27]} 27. Bxe5 {[%emt 0:00:06]} Nf4 {[%emt 0:00:14]} 28. Qe7 $18 {[%emt 0:08:40]} Qxe7 {[%emt 0:03:13]} 29. dxe7 {[%emt 0:00:04]} Rc8 {[%emt 0:00:07]} 30. Bxf4 {[%emt 0:14:00]} gxf4 {[%emt 0:00:06]} 31. Rd1 {[%emt 0:00:08]} Kg7 {[%emt 0:00:05]} 32. Kf1 {[%emt 0:00:19]} Kf6 {[%emt 0:01:12]} 33. Rd7 {[%emt 0:00:08]} Re8 {[%emt 0:00:48]} 34. Rb7 {[%emt 0:04:04]} Rxe7 {[%emt 0:00:11]} 35. Rxb6 {[%emt 0:00:03]} Rc7 {[%emt 0:00:34]} 36. Rd6 {[%emt 0:03:27]} Rc2 {[%emt 0:00:34]} 37. b4 {[%emt 0:00:15]} Ra2 {[%emt 0:00:24]} 38. Rd3 {[%emt 0:00:21]} e5 {[%emt 0:00:13]} 39. Rb3 {[%emt 0:00:38]} e4 {[%emt 0:00:16]} 40. b5 {[%emt 0:01:28]} Ra1+ {[%emt 0:04:59]} 41. Ke2 {[%emt 0:30:06]} Ra2+ {[%emt 0:30:06]} 42. Ke1 {[%emt 0:00:09]} Ra1+ {[%emt 0:00:28]} 43. Kd2 {[%emt 0:00:09]} Ra2+ {[%emt 0:00:05]} 44. Kc3 {[%emt 0:00:00]} e3 {[%emt 0:00:00]} 45. fxe3 {[%emt 0:00:00]} fxe3 {[%emt 0:00:00]} 46. Kb4 {[%emt 0:00:00]} e2 {[%emt 0:00:00]} 47. Re3 {[%emt 0:00:00]} Rb2+ {[%emt 0:00:00]} 48. Ka5 {[%emt 0:00:00]} Rd2 {[%emt 0:00:00]} 49. a4 {[%emt 0:00:00]} Kf5 {[%emt 0:00:00]} 50. Re7 {[%emt 0:00:00]} h5 {[%emt 0:00:00]} 51. Kb4 {[%emt 0:00:00]} Rd4+ {[%emt 0:00:00]} 52. Kc3 {[%emt 0:00:00]} Rxa4 {[%emt 0:00:00]} 53. Rxe2 {[%emt 0:00:00]} Kg4 {[%emt 0:00:00]} 54. b6 {[%emt 0:00:00]} Ra8 {[%emt 0:00:00]} 55. Kb4 {[%emt 0:00:00]} f5 {[%emt 0:00:00]} 56. Kb5 {[%emt 0:00:00]} h4 {[%emt 0:00:00]} 57. Re3 {[%emt 0:00:00]} f4 {[%emt 0:00:00]} 58. Rb3 {[%emt 0:00:00]} h3 {[%emt 0:00:00]} 59. gxh3+ {[%emt 0:00:25]} Kf5 {[%emt 0:00:00]} 60. b7 {[%emt 0:01:17]} 1-0